Statistics for The Hunger Games Cast Quiz

Click here to take the quiz!

General Stats

  • This quiz has been taken 872 times
  • The average score is 9 of 18

Answer Stats

CharacterActor% Correct
Katniss EverdeenJennifer Lawrence
97%
Gale HawthorneLiam Hemsworth
88%
Peeta MellarkJosh Hutcherson
87%
Effie TrinketElizabeth Banks
65%
Haymitch AbernathyWoody Harrelson
63%
CinnaLenny Kravitz
57%
President SnowDonald Sutherland
51%
Caesar FlickermanStanley Tucci
51%
Primrose EverdeenWillow Shields
46%
CatoAlexander Ludwig
45%
RueAmandla Stenberg
32%
CloveIsabelle Fuhrman
31%
MarvelJack Quaid
29%
Seneca CraneWes Bentley
27%
Claudius TemplesmithToby Jones
26%
FoxfaceJacqueline Emerson
25%
GlimmerLeven Rambin
24%
ThreshDayo Okeniyi
21%

Score Distribution

Percentile by Number Answered

Percent of People with Each Score

Your Score History

You have not taken this quiz